00255nam a2200085Ia 450000100070000000500170000700800410002424500780006526000260014365985220250826160102.0250824s9999 xx 000 0 und d 0aSu Hakkında Hemen Hemen Her ŞeycBob Harvey, Gerry Bailey, Felicia Law bTÜBİTAK YAYINLARI